<?xml version="1.0" encoding="UTF-8"?>
<record
    xmlns:xsi="http://www.w3.org/2001/XMLSchema-instance"
    xsi:schemaLocation="http://www.loc.gov/MARC21/slim http://www.loc.gov/standards/marcxml/schema/MARC21slim.xsd"
    xmlns="http://www.loc.gov/MARC21/slim">

  <leader>00619nam a22001577a 4500</leader>
  <controlfield tag="003">OSt</controlfield>
  <controlfield tag="005">20151208135632.0</controlfield>
  <controlfield tag="008">151204b        xxu||||| |||| 00| 0 eng d</controlfield>
  <datafield tag="040" ind1=" " ind2=" ">
    <subfield code="c">RUA</subfield>
  </datafield>
  <datafield tag="082" ind1=" " ind2=" ">
    <subfield code="a">FIS TAU 2003 B187 Or.1</subfield>
  </datafield>
  <datafield tag="100" ind1=" " ind2=" ">
    <subfield code="9">4342</subfield>
    <subfield code="a">TAUCH, CHENDA.</subfield>
  </datafield>
  <datafield tag="245" ind1=" " ind2=" ">
    <subfield code="a">Research on the use of leucaena as fish feed for mrigal, &#x1780;&#x17B6;&#x179A;&#x179F;&#x17D2;&#x179A;&#x17B6;&#x179C;&#x1787;&#x17D2;&#x179A;&#x17B6;&#x179C;&#x179F;&#x17D2;&#x178A;&#x17B8;&#x17A2;&#x17C6;&#x1796;&#x17B8;&#x1780;&#x17B6;&#x179A;&#x1794;&#x17D2;&#x179A;&#x17BE;&#x1794;&#x17D2;&#x179A;&#x17B6;&#x179F;&#x17CB;&#x179F;&#x17D2;&#x179B;&#x17B9;&#x1780;&#x1780;&#x1793;&#x17D2;&#x1790;&#x17C6;&#x1790;&#x17C1;&#x178F;&#x1787;&#x17B6;&#x1785;&#x17C6;&#x178E;&#x17B8;&#x178F;&#x17D2;&#x179A;&#x17B8;&#x1798;&#x17D2;&#x179A;&#x17B8;&#x17A0;&#x17D2;&#x1782;&#x17B6;&#x179F;&#x17CB;</subfield>
  </datafield>
  <datafield tag="260" ind1=" " ind2=" ">
    <subfield code="a">Phnom Penh</subfield>
    <subfield code="b">RUA</subfield>
    <subfield code="c">2003</subfield>
  </datafield>
  <datafield tag="300" ind1=" " ind2=" ">
    <subfield code="a">40p.</subfield>
    <subfield code="b">ill.</subfield>
    <subfield code="c">29cm.</subfield>
  </datafield>
  <datafield tag="942" ind1=" " ind2=" ">
    <subfield code="2">ddc</subfield>
    <subfield code="c">FIS</subfield>
  </datafield>
  <datafield tag="999" ind1=" " ind2=" ">
    <subfield code="c">4040</subfield>
    <subfield code="d">4040</subfield>
  </datafield>
  <datafield tag="952" ind1=" " ind2=" ">
    <subfield code="0">0</subfield>
    <subfield code="1">0</subfield>
    <subfield code="2">ddc</subfield>
    <subfield code="4">0</subfield>
    <subfield code="6">FIS_TAU_2003_000000000000000_B187_OR_1</subfield>
    <subfield code="7">0</subfield>
    <subfield code="9">20490</subfield>
    <subfield code="a">LBB</subfield>
    <subfield code="b">LBB</subfield>
    <subfield code="c">B187</subfield>
    <subfield code="d">2015-12-04</subfield>
    <subfield code="o">FIS TAU 2003 B187 Or.1</subfield>
    <subfield code="p">RUA025525</subfield>
    <subfield code="r">2015-12-04</subfield>
    <subfield code="w">2015-12-04</subfield>
    <subfield code="y">FIS</subfield>
  </datafield>
  <datafield tag="952" ind1=" " ind2=" ">
    <subfield code="0">0</subfield>
    <subfield code="1">0</subfield>
    <subfield code="2">ddc</subfield>
    <subfield code="4">0</subfield>
    <subfield code="6">FIS_TAU_2003_000000000000000_B187_OR_2</subfield>
    <subfield code="7">0</subfield>
    <subfield code="9">20571</subfield>
    <subfield code="a">LBB</subfield>
    <subfield code="b">LBB</subfield>
    <subfield code="c">B187</subfield>
    <subfield code="d">2015-12-05</subfield>
    <subfield code="o">FIS TAU 2003 B187 Or.2</subfield>
    <subfield code="p">RUA036752</subfield>
    <subfield code="r">2015-12-05</subfield>
    <subfield code="w">2015-12-05</subfield>
    <subfield code="y">FIS</subfield>
  </datafield>
  <datafield tag="952" ind1=" " ind2=" ">
    <subfield code="0">0</subfield>
    <subfield code="1">0</subfield>
    <subfield code="2">ddc</subfield>
    <subfield code="4">0</subfield>
    <subfield code="6">FIS_TAU_2003_000000000000000_B187_OR_3</subfield>
    <subfield code="7">0</subfield>
    <subfield code="9">20572</subfield>
    <subfield code="a">LBB</subfield>
    <subfield code="b">LBB</subfield>
    <subfield code="c">B187</subfield>
    <subfield code="d">2015-12-05</subfield>
    <subfield code="o">FIS TAU 2003 B187 Or.3</subfield>
    <subfield code="p">RUA035349</subfield>
    <subfield code="r">2015-12-05</subfield>
    <subfield code="w">2015-12-05</subfield>
    <subfield code="y">FIS</subfield>
  </datafield>
  <datafield tag="952" ind1=" " ind2=" ">
    <subfield code="0">0</subfield>
    <subfield code="1">0</subfield>
    <subfield code="2">ddc</subfield>
    <subfield code="4">0</subfield>
    <subfield code="6">FIS_TAU_2003_000000000000000_B187_OR_4</subfield>
    <subfield code="7">0</subfield>
    <subfield code="9">20573</subfield>
    <subfield code="a">LBB</subfield>
    <subfield code="b">LBB</subfield>
    <subfield code="c">B187</subfield>
    <subfield code="d">2015-12-05</subfield>
    <subfield code="o">FIS TAU 2003 B187 Or.4</subfield>
    <subfield code="p">RUA036780</subfield>
    <subfield code="r">2015-12-05</subfield>
    <subfield code="w">2015-12-05</subfield>
    <subfield code="y">FIS</subfield>
  </datafield>
  <datafield tag="952" ind1=" " ind2=" ">
    <subfield code="0">0</subfield>
    <subfield code="1">0</subfield>
    <subfield code="2">ddc</subfield>
    <subfield code="4">0</subfield>
    <subfield code="6">FIS_TAU_2003_000000000000000_B187_OR_5</subfield>
    <subfield code="7">0</subfield>
    <subfield code="9">20574</subfield>
    <subfield code="a">LBB</subfield>
    <subfield code="b">LBB</subfield>
    <subfield code="c">B187</subfield>
    <subfield code="d">2015-12-05</subfield>
    <subfield code="o">FIS TAU 2003 B187 Or.5</subfield>
    <subfield code="p">RUA037617</subfield>
    <subfield code="r">2015-12-05</subfield>
    <subfield code="w">2015-12-05</subfield>
    <subfield code="y">FIS</subfield>
  </datafield>
  <datafield tag="952" ind1=" " ind2=" ">
    <subfield code="0">0</subfield>
    <subfield code="1">0</subfield>
    <subfield code="2">ddc</subfield>
    <subfield code="4">0</subfield>
    <subfield code="6">FIS_TAU_2003_000000000000000_B187_OR_2</subfield>
    <subfield code="7">0</subfield>
    <subfield code="9">20575</subfield>
    <subfield code="a">LBB</subfield>
    <subfield code="b">LBB</subfield>
    <subfield code="c">B187</subfield>
    <subfield code="d">2015-12-05</subfield>
    <subfield code="o">FIS TAU 2003 B187 Or.2</subfield>
    <subfield code="p">RUA036761</subfield>
    <subfield code="r">2015-12-05</subfield>
    <subfield code="w">2015-12-05</subfield>
    <subfield code="y">FIS</subfield>
  </datafield>
  <datafield tag="952" ind1=" " ind2=" ">
    <subfield code="0">0</subfield>
    <subfield code="1">0</subfield>
    <subfield code="2">ddc</subfield>
    <subfield code="4">0</subfield>
    <subfield code="6">FIS_TAU_2003_000000000000000_B187_OR_6</subfield>
    <subfield code="7">0</subfield>
    <subfield code="9">20597</subfield>
    <subfield code="a">LBB</subfield>
    <subfield code="b">LBB</subfield>
    <subfield code="c">B187</subfield>
    <subfield code="d">2015-12-05</subfield>
    <subfield code="o">FIS TAU 2003 B187 Or.6</subfield>
    <subfield code="p">RUA037754</subfield>
    <subfield code="r">2015-12-05</subfield>
    <subfield code="w">2015-12-05</subfield>
    <subfield code="y">FIS</subfield>
  </datafield>
  <datafield tag="952" ind1=" " ind2=" ">
    <subfield code="0">0</subfield>
    <subfield code="1">0</subfield>
    <subfield code="2">ddc</subfield>
    <subfield code="4">0</subfield>
    <subfield code="6">FIS_TAU_2003_000000000000000_B187_OR_7</subfield>
    <subfield code="7">0</subfield>
    <subfield code="9">20598</subfield>
    <subfield code="a">LBB</subfield>
    <subfield code="b">LBB</subfield>
    <subfield code="c">B187</subfield>
    <subfield code="d">2015-12-05</subfield>
    <subfield code="o">FIS TAU 2003 B187 Or.7</subfield>
    <subfield code="p">RUA036681</subfield>
    <subfield code="r">2015-12-05</subfield>
    <subfield code="w">2015-12-05</subfield>
    <subfield code="y">FIS</subfield>
  </datafield>
</record>
